000 00452cam a2200193ua 4500
001 14125
008 060101n II |||gr||||Z||||||eng
020 _a81-7381-520-8
040 _aMAIN
041 _aEnglish
082 _a515 MUK
100 _aMUKHERJEE , KAYLAN KR . .
245 _aNUMERICAL ANALYSIS
250 _a2ND.
260 _aKOLKATA:
_bNEW CENTRAL BOOK AGENCY.,
_c2006.
300 _a292:
_c21CM.
653 _aAnalysis
942 _cBK
999 _c14012
_d14012